Life and words : violence and the descent into the ordinary

Αποθηκεύτηκε σε:
Λεπτομέρειες βιβλιογραφικής εγγραφής
Κύριος συγγραφέας: Das, Veena
Μορφή: Βιβλίο
Γλώσσα:English
Δημοσίευση: Berkeley : University of California Press, c2007
Θέματα:
Ετικέτες: Προσθήκη ετικέτας
Δεν υπάρχουν, Καταχωρήστε ετικέτα πρώτοι!

MARC

LEADER 00000cam a2200000 i 4500
001 1/4787
008 100223s2007 eng d
020 |a 978-0-520-24745-1 (pbk.) 
020 |a 0-520-24745-0 (pbk.) 
035 |l 10106924 
040 |a GR-MY-UA  |b gre  |e aacr 
041 0 |a eng 
082 0 |a 303.60954  |2 (22) 
100 1 |a Das, Veena. 
245 1 0 |a Life and words :  |b violence and the descent into the ordinary /  |c Veena Das ; foreword by Stanley Cavell 
260 |a Berkeley :   |b University of California Press,   |c c2007 
300 |a xiv, 281 σ.;  |b εικ., χάρτες;  |c 24 εκ. 
504 |a Βιβλιογραφία: σ. 223-265 
504 |a Ευρετήριο: σ. 271-281 
650 0 0 |a Violence  |z India. 
650 0 0 |a Sikhs  |x Crimes against  |z India. 
650 0 0 |a Riots  |z India  |x History  |y 20th century. 
650 0 0 |a Suffering  |z India. 
651 0 |a India  |x History  |y Partition, 1947. 
651 0 |a India  |x Politics and government. 
651 0 |a India  |x Social conditions. 
651 0 |a India  |x Social life and customs. 
852 |a INST  |b LESVOS  |e 20100223  |h 303.60954 DAS  |p 005100046108  |q 005100046108  |t BK  |y 4  |x 20200723 
901 |a BIBL1-2010-1 
909 |a Λ  |b 162873 
970 |a ΚΑΡΑ  |b ΓΙΑΣΕΜΗ  |z 2010/02/23